000 00621nam a2200169 a 4500
001 000037563
005 20200930080436.0
008 120501s1993 sp ac 000 0 spa d
020 _a8400073606
040 _aDO-SdBNP
_bspa
_cBNPHU
100 1 _aPaz, Pilar de la
_964017
245 1 0 _aAutoras dramáticas españolas entre 1918 y 1936 :
_b(texto y representacion) /
_cPilar de la Paz.
260 _aMadrid :
_bConsejo Superior de Investigaciones Científicas,
_c1993.
300 _a407 p. :
_bils., retrs. ;
_c25 cm.
500 _aIncluye índice de abreviaturas e índice onomástico
504 _aBibliografía : p. 375-393
999 _c37053
_d37053